Towards enhancing corporate integrity and business ethics : (Record no. 694)
[ view plain ]
| 000 -LEADER | |
|---|---|
| fixed length control field | nam a22 a 4500 |
| 003 - CONTROL NUMBER IDENTIFIER | |
| control field | AKMAL |
| 005 - DATE AND TIME OF LATEST TRANSACTION | |
| control field | 20170504161004.0 |
| 008 - FIXED-LENGTH DATA ELEMENTS--GENERAL INFORMATION | |
| fixed length control field | 170504s2007 my | e | o000 0 eng d |
| 020 ## - INTERNATIONAL STANDARD BOOK NUMBER | |
| International Standard Book Number | 9789834226688 (pbk.) : |
| Terms of availability | RM25.00 |
| 040 ## - CATALOGING SOURCE | |
| Original cataloging agency | AKMAL |
| 082 04 - DEWEY DECIMAL CLASSIFICATION NUMBER | |
| Classification number | 174.4 TOW |
| 090 00 - LOCALLY ASSIGNED LC-TYPE CALL NUMBER (OCLC); LOCAL CALL NUMBER (RLIN) | |
| Classification number (OCLC) (R) ; Classification number, CALL (RLIN) (NR) | 174.4 |
| Local cutter number (OCLC) ; Book number/undivided call number, CALL (RLIN) | TOW |
| 245 00 - TITLE STATEMENT | |
| Title | Towards enhancing corporate integrity and business ethics : |
| Remainder of title | a practical guide for Malaysian companies / |
| Statement of responsibility, etc. | edited by Mohd Nizam Mohd Ali, Syed Abdul Hamid alJunid, Noor Yuslinda Mohd Yusof |
| 246 ## - VARYING FORM OF TITLE | |
| Title proper/short title | Business ethics : towards enhancing corporate integrity and business ethics |
| 260 ## - PUBLICATION, DISTRIBUTION, ETC. | |
| Place of publication, distribution, etc. | Kuala Lumpur : |
| Name of publisher, distributor, etc. | Institut Integriti Malaysia, |
| Date of publication, distribution, etc. | 2007 |
| 300 ## - PHYSICAL DESCRIPTION | |
| Extent | 172p. ; |
| Dimensions | 21cm. |
| 650 10 - SUBJECT ADDED ENTRY--TOPICAL TERM | |
| Topical term or geographic name entry element | Business ethics |
| 9 (RLIN) | 1432 |
| 650 20 - SUBJECT ADDED ENTRY--TOPICAL TERM | |
| Topical term or geographic name entry element | Integrity |
| 9 (RLIN) | 471 |
| 700 0# - ADDED ENTRY--PERSONAL NAME | |
| Personal name | Mohd. Nizam Mohd. Ali |
| 9 (RLIN) | 1490 |
| 700 0# - ADDED ENTRY--PERSONAL NAME | |
| Personal name | Syed Abdul Hamid Aljunid |
| 9 (RLIN) | 1493 |
| 942 ## - ADDED ENTRY ELEMENTS (KOHA) | |
| Source of classification or shelving scheme | |
| Koha item type | Book |
| Withdrawn status | Lost status | Source of classification or shelving scheme | Damaged status | Not for loan | Collection code | Home library | Current library | Shelving location | Date acquired | Inventory number | Total Checkouts | Full call number | Barcode | Date last seen | Price effective from | Koha item type |
|---|---|---|---|---|---|---|---|---|---|---|---|---|---|---|---|---|
| NON-FICTION | AKMAL Melaka | AKMAL Melaka | PINJAMAN | 04.05.2017 | 100582 | 174.4 TOW | 201701684 | 04.05.2017 | 04.05.2017 | Book |
